000 00631nam a2200241Ia 4500
005 20250425162549.0
008 250425s9999 xx 000 0 und d
020 _a9780194791892
041 _aeng
082 _a428.6
100 _aJEROME, JEROME K.
245 0 _aTHREE MEN IN A BOAT
250 _a1ST ED.
260 _aOXFORD
260 _aReino Unido
_bOXFORD UNIVERSITY PRESS
_c2008
300 _a104
650 _aBARCOS Y NAVEGACION - INGLATERRA
650 _aCUENTOS HUMORISTICOS
650 _aJOVENES - VIAJES - INGLATERRA
650 _aRIO TAMESIS (INGLATERRA) - FICCION
942 _c01
010 _a85813
999 _c231810
_d231810